| 000 | 01519nam2a22002531 4500 | ||
|---|---|---|---|
| 001 | rc\3334203 | ||
| 005 | 20250609213715.0 | ||
| 021 |
_aRU _b[75-58364] |
||
| 035 | _a(NLR Aleph) 007514288 | ||
| 090 |
_a7705254 _c7705254 |
||
| 100 | _a20130115g19741975|||y0rusy50 ca | ||
| 101 | 0 | _arus | |
| 102 | _aRU | ||
| 105 | _aa z ||||| | ||
| 200 | 0 | _aВып. 1 | |
| 210 |
_d1974 [вып. дан. 1975] _aБ. м. |
||
| 215 | _a40 с., 1 л. схем. | ||
| 320 | _aСписок лит.: с. 39 (5 назв.) | ||
| 461 | 0 |
_1001rc\3334202 _12001#$aОрганизация производства и труда на химических предприятиях$eКонспект лекций для студентов-заочников хим.-технол. специальностей$eВып. 1-$fМ-во высш. и сред. спец. образования УССР. Укр. заоч. политехн. ин-т$vВып. 1 _1700#1$aТоряник$bИ.Х. _97705252 _aТоряник, И.Х. _cХарьков _d1974- _fМ-во высш. и сред. спец. образования УССР. Укр. заоч. политехн. ин-т _nБ. и. _oКонспект лекций для студентов-заочников хим.-технол. специальностей : Вып. 1- _tОрганизация производства и труда на химических предприятиях _vВып. 1 |
|
| 801 | 0 |
_aRU _bNLR _gpsbo |
|
| 801 | 1 |
_aRU _bELAR _2rusmarc |
|
| 852 |
_aNLR _j75-4/13883 |
||
| 942 | _cBOOK | ||
| 980 | _aNB | ||